[Event "14th EUR-ch"]
[Site "Minsk BLR"]
[Date "2017.05.30"]
[Round "1.88"]
[White "Fedorov, Alexei"]
[Black "Tsoi, Dmitry"]
[Result "1-0"]
[WhiteElo "2598"]
[BlackElo "2305"]
[EventDate "2017.05.30"]
[PlyCount "51"]

1.e4 c5 2.d3 Nc6 3.g3 d5 4.Nd2 Nf6 5.Bg2 e5 6.Ngf3 Be7 7.O-O O-O 8.Re1 
dxe4 9.dxe4 Qc7 10.c3 Be6 11.Qe2 a6 12.Nh4 Rfd8 13.Nf5 Bf8 14.Nf1 h6 15.
Qf3 Nh7 16.h4 c4 17.N1e3 g6 18.Nd5 Bxd5 19.exd5 e4 20.Qxe4 gxf5 21.Qxc4 
Bd6 22.dxc6 b5 23.Qe2 Nf6 24.Qf3 Ng4 25.Qxf5 Nxf2 26.Bxh6 1-0

[Event "14th EUR-ch"]
[Site "Minsk BLR"]
[Date "2017.05.30"]
[Round "1.89"]
[White "Harshkou, Mikita"]
[Black "Ter-Sahakyan, Samvel"]
[Result "1-0"]
[WhiteElo "2302"]
[BlackElo "2598"]
[EventDate "2017.05.30"]
[PlyCount "79"]

1.d4 d5 2.c4 c6 3.cxd5 cxd5 4.Nc3 Nf6 5.Bf4 Nc6 6.e3 Bg4 7.Nf3 e6 8.Be2 
Be7 9.h3 Bh5 10.O-O O-O 11.a3 Rc8 12.Nd2 Bg6 13.Rc1 Nd7 14.Na4 e5 15.dxe5 
Ndxe5 16.Qb3 d4 17.Bxe5 Nxe5 18.Rxc8 Qxc8 19.exd4 Nc6 20.Nf3 Bf6 21.d5 Na5
22.Qb4 b6 23.Nc3 Rd8 24.Rd1 h6 25.d6 Qe6 26.Bb5 Nb7 27.d7 Nc5 28.Nd5 a6 
29.Nf4 Qf5 30.Bc6 Qc2 31.Rd2 Qc1+ 32.Kh2 Bf5 33.Nd5 Rxd7 34.Nxf6+ gxf6 35.
Bxd7 Nxd7 36.Qf4 Be6 37.Qxh6 Qc7+ 38.Kg1 Qc1+ 39.Kh2 Qc7+ 40.g3 1-0

[Event "14th EUR-ch"]
[Site "Minsk BLR"]
[Date "2017.05.30"]
[Round "1.30"]
[White "Kulaots, Kaido"]
[Black "Smirnov, Valery"]
[Result "1-0"]
[WhiteElo "2597"]
[BlackElo "2297"]
[EventDate "2017.05.30"]
[PlyCount "97"]

1.e4 c5 2.Nf3 e6 3.d4 cxd4 4.Nxd4 Nc6 5.Nc3 Qc7 6.Be3 a6 7.Be2 b5 8.Nxc6 
dxc6 9.a4 b4 10.Nb1 Nf6 11.Nd2 c5 12.f3 Bb7 13.Nc4 Nh5 14.Qc1 f5 15.O-O 
Be7 16.c3 bxc3 17.Qxc3 O-O 18.e5 f4 19.Bf2 Bd5 20.Nd6 Nf6 21.Qxc5 Qb8 22.
Qc3 Nd7 23.Bc4 Nxe5 24.Bxd5 exd5 25.Qxe5 Qxd6 26.Qxd6 Bxd6 27.Rfd1 Be5 28.
Rab1 Rfd8 29.b4 Kf7 30.Kf1 Ke6 31.Ke2 Rdc8 32.Rdc1 Rc4 33.Kd3 Rac8 34.Bc5 
Rxc1 35.Rxc1 Rb8 36.Re1 Kf5 37.a5 g5 38.Re2 h5 39.Bb6 Rb7 40.Rc2 Bd6 41.
Rb2 Ke6 42.b5 axb5 43.Rxb5 Bc7 44.Kd4 Rb8 45.Rb1 Be5+ 46.Kc5 d4 47.a6 Rc8+
48.Kb5 d3 49.Rd1 1-0

[Event "14th EUR-ch"]
[Site "Minsk BLR"]
[Date "2017.05.30"]
[Round "1.91"]
[White "Kantane, Anna"]
[Black "Lopez Martinez, Josep Manuel"]
[Result "0-1"]
[WhiteElo "2295"]
[BlackElo "2597"]
[EventDate "2017.05.30"]
[PlyCount "66"]

1.e4 c5 2.Nf3 Nc6 3.d4 cxd4 4.Nxd4 Qb6 5.Nb3 Nf6 6.Nc3 e6 7.Be3 Qc7 8.Bd3 
Bb4 9.f4 d6 10.O-O Bxc3 11.bxc3 e5 12.h3 b6 13.a4 Be6 14.f5 Bd7 15.Qe1 h6 
16.c4 a5 17.Qf2 Rb8 18.Nd2 Nb4 19.Nb1 Na6 20.Nc3 Nc5 21.g4 Bc6 22.Qf3 Qb7 
23.Bxc5 dxc5 24.Nd5 Qd7 25.Rfb1 Qd8 26.Qg3 Qd6 27.Qf3 O-O 28.h4 Bxd5 29.
exd5 e4 30.Bxe4 Qe5 31.Bd3 Qd4+ 32.Kh1 Rfe8 33.g5 Qxh4+ 0-1

[Event "14th EUR-ch"]
[Site "Minsk BLR"]
[Date "2017.05.30"]
[Round "1.92"]
[White "Bogdanovich, Stanislav"]
[Black "Zakaryan, David"]
[Result "1-0"]
[WhiteElo "2596"]
[BlackElo "2292"]
[EventDate "2017.05.30"]
[PlyCount "51"]

1.e4 e5 2.Nf3 Nc6 3.Bb5 Nf6 4.d3 d6 5.c3 Bd7 6.Nbd2 g6 7.Nf1 Bg7 8.Ng3 O-O
9.O-O a6 10.Ba4 b5 11.Bc2 h6 12.h3 d5 13.d4 exd4 14.e5 Ne4 15.cxd4 Nxg3 
16.fxg3 Qc8 17.Be3 Bf5 18.Bxf5 Qxf5 19.Qd2 h5 20.Bh6 Qd7 21.Bxg7 Kxg7 22.
Nh4 Ne7 23.Rf6 Ng8 24.Raf1 Nxf6 25.exf6+ Kh7 26.Nf5 1-0

[Event "14th EUR-ch"]
[Site "Minsk BLR"]
[Date "2017.05.30"]
[Round "1.93"]
[White "Kochetkov, German"]
[Black "Buhmann, Rainer"]
[Result "0-1"]
[WhiteElo "2288"]
[BlackElo "2596"]
[EventDate "2017.05.30"]
[PlyCount "81"]

1.f4 d5 2.Nf3 Bg4 3.e3 Nd7 4.h3 Bxf3 5.Qxf3 Ngf6 6.g4 c6 7.d4 g6 8.Nc3 e6 
9.g5 Nh5 10.Bd2 b5 11.Bd3 Bg7 12.h4 Nb6 13.b3 O-O 14.Ne2 c5 15.Bxb5 Qc7 
16.c3 c4 17.Ba6 Qc6 18.O-O Na4 19.Bxc4 Nb2 20.Rfb1 Nxc4 21.bxc4 Qxc4 22.
Nc1 Rfb8 23.Rb3 Rb6 24.Rab1 Rab8 25.Kg2 Bf8 26.Qe2 Qa4 27.Qd1 Ng7 28.Qe2 
Nf5 29.Kh3 Ba3 30.Rxb6 Rxb6 31.Rxb6 axb6 32.Nb3 Bb2 33.Bc1 Bxc3 34.Kg4 Qc4
35.Qd1 Bb2 36.Bd2 Qd3 37.Qe1 h5+ 38.gxh6 Nxh6+ 39.Kh3 Qe4 40.Kh2 Ba3 41.
Bc1 0-1

[Event "14th EUR-ch"]
[Site "Minsk BLR"]
[Date "2017.05.30"]
[Round "1.94"]
[White "Prohaszka, Peter"]
[Black "Khamitskiy, Sergei"]
[Result "1-0"]
[WhiteElo "2596"]
[BlackElo "2287"]
[EventDate "2017.05.30"]
[PlyCount "77"]

1.d4 d5 2.Bf4 c5 3.e3 Nf6 4.c3 Nc6 5.Nd2 e6 6.Ngf3 Bd6 7.Bg3 O-O 8.Bb5 
Bxg3 9.hxg3 Qb6 10.Qa4 cxd4 11.exd4 Bd7 12.O-O Ne5 13.Bxd7 Nexd7 14.Qb3 
Qc7 15.a4 Ng4 16.Rfe1 Rae8 17.Re2 a6 18.a5 Kh8 19.Qb4 f5 20.Rae1 Rf6 21.
Ng5 Nf8 22.Nxe6 Nxe6 23.Rxe6 Rfxe6 24.Rxe6 Qf7 25.Rxe8+ Qxe8 26.Nf3 h6 27.
Ne5 Nxe5 28.dxe5 Qxe5 29.Qxb7 f4 30.Qc8+ Kh7 31.Qxa6 fxg3 32.Qd3+ Kg8 33.
fxg3 Kf8 34.a6 Ke7 35.a7 Qe1+ 36.Qf1 Qe3+ 37.Qf2 Qc1+ 38.Kh2 Qa1 39.Qc5+ 
1-0

[Event "14th EUR-ch"]
[Site "Minsk BLR"]
[Date "2017.05.30"]
[Round "1.95"]
[White "Maliush, Andrei"]
[Black "Pantsulaia, Levan"]
[Result "0-1"]
[WhiteElo "2286"]
[BlackElo "2594"]
[EventDate "2017.05.30"]
[PlyCount "82"]

1.e4 c5 2.c3 d5 3.exd5 Qxd5 4.d4 Nf6 5.Nf3 Bg4 6.Be2 e6 7.O-O Nc6 8.Na3 
cxd4 9.Nb5 Rc8 10.Nbxd4 Nxd4 11.Nxd4 Bxe2 12.Qxe2 Be7 13.Be3 O-O 14.Rfd1 
a6 15.Nf3 Qh5 16.Bd4 Nd5 17.Be5 Rfd8 18.Rd2 f6 19.Bg3 e5 20.Rad1 Nb6 21.h3
Rxd2 22.Qxd2 Qf7 23.b3 Bc5 24.Qd3 Re8 25.Nd2 f5 26.b4 e4 27.Qc2 Bf8 28.Qb3
g5 29.Bc7 Nd5 30.Nxe4 Rxe4 31.Rxd5 Re1+ 32.Kh2 Qxc7+ 33.g3 Qf7 34.Rxf5 
Qxb3 35.Rxg5+ Bg7 36.axb3 Rb1 37.b5 a5 38.Rc5 Rxb3 39.Rc8+ Bf8 40.c4 a4 
41.Ra8 a3 0-1

[Event "14th EUR-ch"]
[Site "Minsk BLR"]
[Date "2017.05.30"]
[Round "1.96"]
[White "Ponkratov, Pavel"]
[Black "Babikov, Ivan"]
[Result "1-0"]
[WhiteElo "2590"]
[BlackElo "2284"]
[EventDate "2017.05.30"]
[PlyCount "55"]

1.d4 Nf6 2.c4 e6 3.g3 d5 4.Bg2 c5 5.cxd5 exd5 6.Nf3 Nc6 7.O-O Be7 8.dxc5 
Bxc5 9.Qc2 Be7 10.Rd1 O-O 11.Nc3 h6 12.Be3 Be6 13.Nd4 Ng4 14.Nxe6 Nxe3 15.
Qd3 fxe6 16.Qxe3 Rf6 17.Nxd5 exd5 18.Bxd5+ Kh8 19.Bxc6 Qf8 20.Bf3 Bc5 21.
Qd3 Re8 22.Rac1 b6 23.Kg2 a5 24.Rc4 Qf7 25.Qc2 Rf5 26.a3 Rf8 27.Rd3 Qa7 
28.b4 1-0

[Event "14th EUR-ch"]
[Site "Minsk BLR"]
[Date "2017.05.30"]
[Round "1.98"]
[White "Can, Emre"]
[Black "Cherednichenko, Dmitry"]
[Result "1/2-1/2"]
[WhiteElo "2589"]
[BlackElo "2278"]
[EventDate "2017.05.30"]
[PlyCount "66"]

1.d4 d5 2.c4 e6 3.Nf3 c6 4.Nbd2 Nf6 5.g3 Be7 6.Bg2 O-O 7.O-O b6 8.Qc2 Bb7 
9.e4 Na6 10.a3 c5 11.exd5 exd5 12.Rd1 Rc8 13.dxc5 Nxc5 14.b4 Nce4 15.Bb2 
Nd6 16.Ng5 h6 17.Bxf6 hxg5 18.Be5 Bf6 19.Bxd6 Qxd6 20.Ne4 Qe7 21.Nxf6+ 
Qxf6 22.Qa4 Rxc4 23.Qxa7 Rc2 24.Rf1 Rc7 25.Rac1 Re7 26.Qa4 Ra8 27.Qb3 d4 
28.Bxb7 Rxb7 29.Qd5 Rbb8 30.Rc6 Rd8 31.Qe4 Re8 32.Rxf6 Rxe4 33.Rxb6 Rxa3 
1/2-1/2

[Event "14th EUR-ch"]
[Site "Minsk BLR"]
[Date "2017.05.30"]
[Round "1.99"]
[White "Selbes, Tarik"]
[Black "Postny, Evgeny"]
[Result "0-1"]
[WhiteElo "2274"]
[BlackElo "2588"]
[EventDate "2017.05.30"]
[PlyCount "106"]

1.Nf3 d5 2.c4 c6 3.g3 Bg4 4.Bg2 e6 5.Ne5 Bf5 6.d4 Nd7 7.Nxd7 Qxd7 8.Nc3 
Nf6 9.O-O Be7 10.Qa4 O-O 11.Bg5 h6 12.Bxf6 Bxf6 13.Rad1 Rfd8 14.Kh1 a6 15.
c5 Qc7 16.f4 b6 17.cxb6 Qxb6 18.Rd2 c5 19.e4 dxe4 20.dxc5 Qxc5 21.Nxe4 Qe3
22.Nxf6+ gxf6 23.Rd7 Rab8 24.b3 Qe2 25.h3 Rbc8 26.Rxd8+ Rxd8 27.g4 Bd3 28.
Rg1 Bb5 29.Qe4 Qxe4 30.Bxe4 Rd4 31.Bg2 Rxf4 32.Rc1 Kg7 33.Rc3 Rd4 34.a4 
Bd3 35.Kg1 f5 36.Kf2 f4 37.Bb7 e5 38.Kf3 Kf6 39.h4 Ke7 40.Rc7+ Ke6 41.Rc6+
Rd6 42.Rxd6+ Kxd6 43.b4 f6 44.a5 Kc7 45.Bd5 Bb5 46.g5 fxg5 47.hxg5 hxg5 
48.Kg4 Be2+ 49.Kxg5 f3 50.b5 axb5 51.Kf6 f2 52.Bg2 e4 53.Ke5 Bf3 0-1

[Event "14th EUR-ch"]
[Site "Minsk BLR"]
[Date "2017.05.30"]
[Round "1.100"]
[White "Potkin, Vladimir"]
[Black "Demircioglu, Emre"]
[Result "1/2-1/2"]
[WhiteElo "2588"]
[BlackElo "2257"]
[EventDate "2017.05.30"]
[PlyCount "50"]

1.c4 e6 2.Nf3 Nf6 3.Nc3 d5 4.e3 dxc4 5.Bxc4 a6 6.d4 b5 7.Bb3 Bb7 8.O-O Be7
9.Qe2 O-O 10.Rd1 Nbd7 11.Bc2 c5 12.dxc5 Bxc5 13.Ne5 Qc7 14.Nxd7 Nxd7 15.
Bd2 Nf6 16.Rac1 Qe5 17.e4 Rfd8 18.Be3 Bxe3 19.Qxe3 Ng4 20.Qg3 Qxg3 21.hxg3
Kf8 22.Kf1 Ke7 23.Ke2 Ne5 24.f3 Rxd1 25.Rxd1 Rc8 1/2-1/2

[Event "14th EUR-ch"]
[Site "Minsk BLR"]
[Date "2017.05.31"]
[Round "2.59"]
[White "Girya, Olga"]
[Black "Pashikian, Arman"]
[Result "1/2-1/2"]
[WhiteElo "2476"]
[BlackElo "2603"]
[EventDate "2017.05.30"]
[PlyCount "98"]

1.d4 Nf6 2.c4 e6 3.Nc3 Bb4 4.Qc2 d5 5.cxd5 exd5 6.Bf4 O-O 7.e3 c5 8.dxc5 
Nbd7 9.Bd3 Nxc5 10.Ne2 Nfe4 11.O-O Bf5 12.Bxe4 dxe4 13.Ng3 Bg6 14.Rfd1 Qa5
15.Bd6 Rfe8 16.Nd5 Nd3 17.Nxb4 Nxb4 18.Bxb4 Qxb4 19.Rd4 Qb6 20.Rad1 Rac8 
21.Qd2 h6 22.h3 Kh7 23.Rd5 f6 24.h4 Rc7 25.Rd7 Rec8 26.h5 Be8 27.Rxc7 Qxc7
28.Qd5 Bc6 29.Qf5+ Kh8 30.Nxe4 Rd8 31.Rxd8+ Qxd8 32.Nc3 Qd2 33.Qc8+ Kh7 
34.Qf5+ Kh8 35.Qb1 Be8 36.Ne4 Qd5 37.Ng3 Bxh5 38.Nxh5 Qxh5 39.Qd3 Qa5 40.
Qc2 Qd5 41.e4 Qe6 42.b3 b6 43.f3 Qe5 44.Qc8+ Kh7 45.Qd7 a5 46.Qd8 Qc5+ 47.
Kh2 Qe5+ 48.Kg1 Qc5+ 49.Kh2 Qe5+ 1/2-1/2

[Event "14th EUR-ch"]
[Site "Minsk BLR"]
[Date "2017.05.31"]
[Round "2.94"]
[White "Savchenko, Boris"]
[Black "Mochalov, Evgeny"]
[Result "1-0"]
[WhiteElo "2634"]
[BlackElo "2378"]
[EventDate "2017.05.30"]
[PlyCount "67"]

1.e4 c5 2.Nf3 g6 3.c3 Bg7 4.d4 cxd4 5.cxd4 d5 6.e5 Nh6 7.Bf4 f6 8.Bb5+ Bd7
9.Be2 Nc6 10.exf6 exf6 11.Nc3 g5 12.Be3 Ne7 13.h4 g4 14.Ng1 f5 15.Bd3 f4 
16.Bxf4 O-O 17.Bg5 Nhf5 18.Nge2 h6 19.Be3 Nxe3 20.fxe3 h5 21.Qb3 Rc8 22.
Kd2 Rf2 23.Raf1 Rxg2 24.Nxd5 Kh8 25.Nc3 Bc6 26.Qf7 Be8 27.Qe6 Bc6 28.Rf7 
Rxe2+ 29.Kxe2 Qb6 30.Kd2 Qxb2+ 31.Bc2 Ba4 32.Qxc8+ Nxc8 33.Nxa4 Nd6 34.
Nxb2 1-0

[Event "14th EUR-ch"]
[Site "Minsk BLR"]
[Date "2017.06.01"]
[Round "3.1"]
[White "Bosiocic, Marin"]
[Black "Matlakov, Maxim"]
[Result "1/2-1/2"]
[WhiteElo "2603"]
[BlackElo "2714"]
[EventDate "2017.05.30"]
[PlyCount "78"]

1.e4 e5 2.Nf3 Nc6 3.Bb5 a6 4.Ba4 Nf6 5.O-O Be7 6.Re1 b5 7.Bb3 d6 8.c3 O-O 
9.h3 Re8 10.Ng5 Rf8 11.Nf3 Re8 12.d4 Bb7 13.Nbd2 Bf8 14.a3 h6 15.Bc2 Nb8 
16.b3 Nbd7 17.Bb2 Rb8 18.Bd3 d5 19.exd5 exd4 20.Rxe8 Qxe8 21.c4 Nc5 22.Bf1
bxc4 23.Nxc4 Bxd5 24.Nxd4 Na4 25.bxa4 Bxc4 26.Bxc4 Rxb2 27.Qc1 Rb8 28.a5 
Qe4 29.Nc6 Bxa3 30.Qxa3 Qxc6 31.Rc1 Qb7 32.Qe7 Rf8 33.Rd1 Qc6 34.Rc1 Qb7 
35.g3 Ne4 36.Rd1 Ng5 37.Bd5 Qc8 38.h4 Qg4 39.Rd2 Nf3+ 1/2-1/2

[Event "14th EUR-ch"]
[Site "Minsk BLR"]
[Date "2017.06.01"]
[Round "3.3"]
[White "Rodshtein, Maxim"]
[Black "Lopez Martinez, Josep Manuel"]
[Result "1-0"]
[WhiteElo "2698"]
[BlackElo "2597"]
[EventDate "2017.05.30"]
[PlyCount "131"]

1.d4 Nf6 2.c4 e6 3.g3 d5 4.Bg2 Bb4+ 5.Nd2 O-O 6.Nf3 b6 7.O-O Bb7 8.Ne5 
Nbd7 9.Qa4 Bxd2 10.Bxd2 Nxe5 11.dxe5 Ne4 12.Rad1 Qe7 13.Be3 Rfd8 14.Qc2 c6
15.a3 f5 16.b4 h6 17.f3 Ng5 18.c5 bxc5 19.Bxc5 Qc7 20.Qd3 Rd7 21.h4 Nf7 
22.f4 h5 23.e4 Nh6 24.exd5 cxd5 25.Rc1 Qd8 26.a4 Ng4 27.Qd4 a6 28.Bb6 Qe8 
29.Rc5 Re7 30.Ra1 Rc8 31.Bf1 Qg6 32.Rxc8+ Bxc8 33.Ra3 Bb7 34.b5 axb5 35.
Bxb5 Nh6 36.a5 Qg4 37.Kg2 Rf7 38.a6 Ba8 39.Rc3 Rf8 40.a7 Kh7 41.Rc2 Qg6 
42.Be2 Ng4 43.Kg1 Qe8 44.Ba6 Qg6 45.Rc3 Nh6 46.Be2 Ng4 47.Rc7 Nh6 48.Kf2 
Ng4+ 49.Ke1 Nh6 50.Rc3 Ng4 51.Qb4 Re8 52.Bb5 Rg8 53.Bd4 Nh6 54.Qe7 Ng4 55.
Be2 Nh6 56.Kd2 Nf7 57.Rc7 Nd8 58.Qg5 Nc6 59.Bb6 d4 60.Bxh5 Qxg5 61.hxg5 
Nb4 62.Bf7 Rh8 63.Rd7 Rc8 64.Rc7 Rh8 65.Bxe6 Be4 66.Rc8 1-0

[Event "14th EUR-ch"]
[Site "Minsk BLR"]
[Date "2017.06.01"]
[Round "3.4"]
[White "Fedoseev, Vladimir"]
[Black "Beliavsky, Alexander"]
[Result "1-0"]
[WhiteElo "2690"]
[BlackElo "2589"]
[EventDate "2017.05.30"]
[PlyCount "99"]

1.e4 e5 2.Nf3 Nc6 3.Bc4 Bc5 4.c3 Nf6 5.d3 d6 6.O-O O-O 7.Nbd2 a6 8.a4 Ba7 
9.h3 Ne7 10.Re1 Ng6 11.d4 h6 12.Bb3 Re8 13.Bc2 Nh7 14.dxe5 dxe5 15.Nc4 Qf6
16.Ne3 Ng5 17.Nxg5 hxg5 18.g3 Bxh3 19.Qh5 g4 20.Bd1 Rad8 21.Bxg4 Bxg4 22.
Nxg4 Qc6 23.Bg5 Rd3 24.Kg2 Re6 25.Re2 f5 26.Nf6+ Rxf6 27.Bxf6 Qxf6 28.exf5
Nf8 29.Rh1 Qc6+ 30.f3 Be3 31.Rh4 Bg5 32.Rh3 Bh6 33.Qg4 Rd7 34.Rh4 Qf6 35.
Qe4 Rf7 36.Rh5 Nd7 37.Qxb7 Qd6 38.Qa8+ Rf8 39.Qe4 Nf6 40.Qc4+ Kh8 41.Rh1 
Nd5 42.Qe4 Kg8 43.Rhe1 Ne7 44.Qxe5 Nxf5 45.Qxd6 Nxd6 46.Re7 Nc4 47.b4 Bg5 
48.Rxc7 Ne3+ 49.Kf2 Ng4+ 50.Ke2 1-0

[Event "14th EUR-ch"]
[Site "Minsk BLR"]
[Date "2017.06.01"]
[Round "3.5"]
[White "Cheparinov, Ivan"]
[Black "Postny, Evgeny"]
[Result "1-0"]
[WhiteElo "2688"]
[BlackElo "2588"]
[EventDate "2017.05.30"]
[PlyCount "89"]

1.d4 d5 2.c4 c6 3.Nc3 Nf6 4.e3 g6 5.Nf3 Bg7 6.Be2 O-O 7.O-O Bg4 8.h3 Bxf3 
9.Bxf3 e6 10.b3 Re8 11.Bb2 Nbd7 12.Qc2 Rc8 13.Rfd1 h5 14.Rac1 Qe7 15.Nb1 
Nh7 16.Ba3 Qd8 17.Nd2 f5 18.Be2 Ng5 19.Bd6 Nf7 20.Bh2 Bf8 21.b4 a6 22.Qb2 
Bd6 23.Bxd6 Nxd6 24.Nb3 b5 25.cxd5 cxd5 26.Nc5 Ra8 27.a4 Nb6 28.Qb3 Nbc4 
29.Ra1 Kf7 30.Ra2 Qb6 31.Rda1 Qc6 32.axb5 axb5 33.Ra7+ Rxa7 34.Rxa7+ Re7 
35.Qa2 Nc8 36.Ra6 Qc7 37.h4 N4d6 38.g3 Qb8 39.Qa5 Rc7 40.Kg2 Ke7 41.Rxd6 
Kxd6 42.Na6 Qb6 43.Nxc7 Qxc7 44.Bxb5 Nb6 45.Be8 1-0

[Event "14th EUR-ch"]
[Site "Minsk BLR"]
[Date "2017.06.01"]
[Round "3.6"]
[White "Prohaszka, Peter"]
[Black "Artemiev, Vladislav"]
[Result "1/2-1/2"]
[WhiteElo "2596"]
[BlackElo "2682"]
[EventDate "2017.05.30"]
[PlyCount "163"]

1.Nf3 d5 2.d4 Nf6 3.c4 c6 4.e3 Bf5 5.Nc3 e6 6.Nh4 Bg6 7.Be2 Nbd7 8.O-O Bd6
9.g3 Qe7 10.Qb3 Rb8 11.Bd2 Ne4 12.Nxe4 Bxe4 13.f3 dxc4 14.Bxc4 Bg6 15.e4 
b5 16.Be2 O-O 17.Nxg6 hxg6 18.Rac1 c5 19.e5 Bc7 20.dxc5 Nxe5 21.Be3 Qf6 
22.f4 Nc6 23.Rcd1 Qe7 24.Bf3 Na5 25.Qc2 Nc4 26.Bf2 Rfc8 27.Qc1 Qe8 28.b3 
Na5 29.Qd2 Rd8 30.Qe2 Nc6 31.Rxd8 Bxd8 32.Rd1 Be7 33.Qd3 Rb7 34.a3 a6 35.
b4 Rc7 36.Qe4 a5 37.Kg2 g5 38.fxg5 axb4 39.axb4 Bxg5 40.Rd6 Ne7 41.Qd3 Rc8
42.Rb6 Nd5 43.Rxb5 Qd7 44.Bxd5 exd5 45.c6 Rxc6 46.Rxd5 Qe7 47.Bc5 Qb7 48.
Qe4 Rc7 49.h4 Bf6 50.Kh3 Qc8+ 51.Qf5 Qa8 52.Qd3 Qc8+ 53.Kh2 Rc6 54.Rd6 Rc7
55.h5 Be7 56.Rd5 Bf6 57.Qf5 Qe8 58.h6 Rc6 59.hxg7 Re6 60.Rd2 Be5 61.Kg2 
Rg6 62.Bf2 Bxg3 63.Bxg3 Rxg3+ 64.Kxg3 Qe3+ 65.Kg4 Qxd2 66.Qc5 Kxg7 67.b5 
Kf6 68.b6 Qd7+ 69.Kf4 Qa4+ 70.Ke3 Qd7 71.Qb4 Qe6+ 72.Kd3 Qd7+ 73.Kc3 Ke6 
74.b7 Qc7+ 75.Kd4 Qe5+ 76.Kd3 Qb8 77.Qb6+ Kd7 78.Ke4 f6 79.Kf5 Qe5+ 80.Kg6
Qg5+ 81.Kf7 Qh5+ 82.Kg7 1/2-1/2

[Event "14th EUR-ch"]
[Site "Minsk BLR"]
[Date "2017.06.01"]
[Round "3.7"]
[White "Ponkratov, Pavel"]
[Black "Ragger, Markus"]
[Result "1-0"]
[WhiteElo "2590"]
[BlackElo "2680"]
[EventDate "2017.05.30"]
[PlyCount "111"]

1.c4 e5 2.Nc3 Bb4 3.Nd5 Bc5 4.Nf3 c6 5.Nc3 d6 6.g3 Nf6 7.Bg2 Bb6 8.O-O O-O
9.d3 Re8 10.Rb1 h6 11.e4 d5 12.b4 Be6 13.exd5 cxd5 14.Bb2 Nbd7 15.Nd2 Nf8 
16.Na4 Bc7 17.Nc5 Bg4 18.Qb3 b6 19.Na6 Bd6 20.cxd5 Bc8 21.b5 Bb7 22.Rfe1 
Ng6 23.Rbc1 Qd7 24.Ne4 Nxd5 25.Nxd6 Qxd6 26.Ba3 Qd8 27.Nb4 Nxb4 28.Bxb7 
Nxd3 29.Rcd1 Nxe1 30.Rxd8 Raxd8 31.Be4 Nf4 32.gxf4 exf4 33.Bd5 Re5 34.
Bxf7+ Kh8 35.Bc4 f3 36.Bb2 Rg5+ 37.Kf1 Rg2 38.Kxe1 Rg1+ 39.Bf1 Re8+ 40.Kd2
Rxf1 41.Qxf3 Rfe1 42.Qh5 R1e6 43.Kc2 Kg8 44.Kb3 R6e7 45.Qg6 Rf8 46.Bd4 Rd8
47.Qg4 Kh7 48.a4 Rd5 49.Bc3 Rg5 50.Qd4 Rf5 51.f4 Ref7 52.Qe4 g5 53.fxg5 
hxg5 54.Qg4 Kg6 55.h4 Rh7 56.hxg5 1-0

[Event "14th EUR-ch"]
[Site "Minsk BLR"]
[Date "2017.06.01"]
[Round "3.8"]
[White "Anton Guijarro, David"]
[Black "Azarov, Sergei"]
[Result "0-1"]
[WhiteElo "2660"]
[BlackElo "2582"]
[EventDate "2017.05.30"]
[PlyCount "82"]

1.e4 e5 2.Nf3 Nc6 3.Bc4 Bc5 4.c3 Nf6 5.d3 d6 6.O-O a6 7.Bb3 Ba7 8.Nbd2 O-O
9.h3 h6 10.Re1 Be6 11.Bc2 Re8 12.Nf1 d5 13.exd5 Bxd5 14.Ng3 Qd6 15.Qe2 
Rad8 16.b4 b5 17.Nh4 Bb6 18.a4 Qd7 19.axb5 axb5 20.Nhf5 Ne7 21.Nxg7 Kxg7 
22.Bxh6+ Kxh6 23.Qd2+ Kg7 24.Qg5+ Ng6 25.Nf5+ Qxf5 26.Qxf5 Bxg2 27.c4 Bd4 
28.Ra6 Rd6 29.cxb5 Rh8 30.Re3 Bb7 31.Rxd6 cxd6 32.Rf3 Bxf3 33.Qxf3 Nf4 34.
Qc6 Rb8 35.Qxd6 Rc8 36.Bb3 Rc1+ 37.Kh2 Rf1 38.Qc7 Rxf2+ 39.Kg3 Rg2+ 40.Kf3
Rf2+ 41.Kg3 Ne2+ 0-1

[Event "14th EUR-ch"]
[Site "Minsk BLR"]
[Date "2017.06.01"]
[Round "3.10"]
[White "Kovalenko, Igor"]
[Black "Mastrovasilis, Dimitrios"]
[Result "1/2-1/2"]
[WhiteElo "2657"]
[BlackElo "2580"]
[EventDate "2017.05.30"]
[PlyCount "120"]

1.c4 c6 2.Nf3 d5 3.e3 Bf5 4.cxd5 cxd5 5.Nc3 e6 6.Bb5+ Nc6 7.Qa4 Ne7 8.Nd4 
Qd7 9.b3 Rc8 10.Ba3 a6 11.Bxc6 Nxc6 12.Bxf8 Kxf8 13.O-O h5 14.Rfc1 Rh6 15.
Qa3+ Kg8 16.Nxf5 exf5 17.Ne2 d4 18.h3 dxe3 19.dxe3 Rd6 20.Nf4 g6 21.Rc4 
Rd8 22.Rac1 Rd1+ 23.Kh2 Rxc1 24.Qxc1 Qd2 25.Qc2 h4 26.a3 Na5 27.Qxd2 Rxd2 
28.Rc3 Rxf2 29.Nd3 Ra2 30.b4 Nc6 31.Kg1 Na7 32.Rc7 Nb5 33.Rxb7 Rxa3 34.Rd7
Nc3 35.Ne5 Ne4 36.Kf1 Ng5 37.Ke2 Ra2+ 38.Rd2 Ra3 39.Nf3 Nxf3 40.Kxf3 Ra4 
41.Rd4 Kg7 42.Rxh4 a5 43.Rd4 Rxb4 44.Rd5 Ra4 45.Rd6 Ra1 46.Ra6 a4 47.e4 
fxe4+ 48.Kxe4 a3 49.Kf4 Kh6 50.Kg4 Ra2 51.Kg3 Kg5 52.h4+ Kh6 53.Kh3 Ra1 
54.g3 f5 55.Ra7 a2 56.Kg2 Kh5 57.Ra4 Kh6 58.Ra7 g5 59.hxg5+ Kxg5 60.Ra6 
Kh5 1/2-1/2

[Event "14th EUR-ch"]
[Site "Minsk BLR"]
[Date "2017.06.01"]
[Round "3.11"]
[White "Jones, Gawain"]
[Black "Bocharov, Dmitry"]
[Result "0-1"]
[WhiteElo "2654"]
[BlackElo "2574"]
[EventDate "2017.05.30"]
[PlyCount "120"]

1.d4 Nf6 2.c4 e6 3.Nc3 Bb4 4.e3 O-O 5.Bd3 d5 6.Nf3 b6 7.O-O Ba6 8.cxd5 
exd5 9.Bxa6 Nxa6 10.Bd2 Re8 11.Rc1 Bf8 12.Nb5 c5 13.b3 Qd7 14.Ne5 Qb7 15.
Bc3 Ne4 16.Bb2 Rac8 17.Qe2 Nb4 18.a3 Nc6 19.Nxc6 Rxc6 20.Rfd1 Rec8 21.f3 
Nf6 22.Qd3 a6 23.Nc3 c4 24.bxc4 Rxc4 25.Kh1 b5 26.e4 g6 27.e5 Nh5 28.Ne2 
Bh6 29.Rb1 Qd7 30.g4 Nf4 31.Qe3 Nxe2 32.Qxh6 Nc3 33.Bxc3 Rxc3 34.Qf4 Rxa3 
35.Ra1 Rxa1 36.Rxa1 b4 37.Rxa6 Qb5 38.Ra1 b3 39.Qe3 b2 40.Rb1 Qc4 41.Rxb2 
Qf1+ 42.Qg1 Qxf3+ 43.Rg2 Rc2 44.h4 Rd2 45.Kh2 Qxg4 46.Rxd2 Qxh4+ 47.Kg2 
Qg5+ 48.Kh1 Qxd2 49.Qa1 Kg7 50.Qa7 h5 51.Qc5 Qe1+ 52.Kh2 Qf2+ 53.Kh1 Qf3+ 
54.Kg1 h4 55.Qe7 Qg3+ 56.Kf1 Qf3+ 57.Kg1 h3 58.Qg5 Qg2+ 59.Qxg2 hxg2 60.
Kxg2 f6 0-1

[Event "14th EUR-ch"]
[Site "Minsk BLR"]
[Date "2017.06.01"]
[Round "3.12"]
[White "Volokitin, Andrei"]
[Black "Gabuzyan, Hovhannes"]
[Result "1/2-1/2"]
[WhiteElo "2649"]
[BlackElo "2570"]
[EventDate "2017.05.30"]
[PlyCount "85"]

1.e4 c5 2.Nf3 d6 3.d4 cxd4 4.Nxd4 Nf6 5.Nc3 a6 6.h3 e5 7.Nb3 Be7 8.g4 Be6 
9.g5 Nfd7 10.h4 b5 11.f4 h6 12.f5 Bxb3 13.axb3 hxg5 14.Bxb5 gxh4 15.Be3 
Bg5 16.Bf2 h3 17.Qg4 h2 18.Qg2 Kf8 19.Rxh2 Rh6 20.Rxh6 gxh6 21.Nd5 Nf6 22.
Nxf6 Bxf6 23.Qh3 Bg5 24.c3 Nd7 25.Bc6 Rb8 26.Rxa6 Nf6 27.b4 d5 28.exd5 e4 
29.Bd4 Nxd5 30.Bxd5 Qxd5 31.f6 Kg8 32.Ra5 Rb5 33.Qc8+ Kh7 34.Qf8 Kg6 35.
Qg8+ Kf5 36.Rxb5 Qxb5 37.Qxf7 Qd3 38.Qh5 e3 39.Qe2 Qb1+ 40.Qd1 Qe4 41.Qh5 
Qb1+ 42.Qd1 Qe4 43.Qh5 1/2-1/2

[Event "14th EUR-ch"]
[Site "Minsk BLR"]
[Date "2017.06.01"]
[Round "3.13"]
[White "Antipov, Mikhail"]
[Black "Sutovsky, Emil"]
[Result "1/2-1/2"]
[WhiteElo "2576"]
[BlackElo "2646"]
[EventDate "2017.05.30"]
[PlyCount "21"]

1.Nf3 Nf6 2.c4 g6 3.g3 Bg7 4.Bg2 O-O 5.O-O c5 6.d4 cxd4 7.Nxd4 d5 8.cxd5 
Nxd5 9.Nc3 Nxc3 10.bxc3 Nc6 11.Nxc6 1/2-1/2

[Event "14th EUR-ch"]
[Site "Minsk BLR"]
[Date "2017.06.01"]
[Round "3.15"]
[White "Shimanov, Aleksandr"]
[Black "Plat, Vojtech"]
[Result "1/2-1/2"]
[WhiteElo "2642"]
[BlackElo "2522"]
[EventDate "2017.05.30"]
[PlyCount "76"]

1.d4 d6 2.Nf3 Nf6 3.c4 c6 4.Nc3 Bf5 5.Nh4 Bg6 6.g3 Nbd7 7.Nxg6 hxg6 8.d5 
Qb6 9.Bg2 e6 10.dxe6 fxe6 11.Qc2 O-O-O 12.O-O Qc5 13.b3 Qf5 14.Qb2 d5 15.
Qb1 Qg4 16.Qc2 Bc5 17.e3 Ne5 18.Qe2 d4 19.h3 Qxe2 20.Nxe2 dxe3 21.Bxe3 
Bxe3 22.fxe3 Rd3 23.Nf4 Rxe3 24.Rae1 Rxe1 25.Rxe1 Nfd7 26.Nxe6 Re8 27.Ng5 
Nf6 28.h4 Kc7 29.Bh3 Nd3 30.Ne6+ Kb6 31.Rf1 Re7 32.Rf3 Nc5 33.Nf4 Re1+ 34.
Bf1 Nce4 35.Nxg6 Nd2 36.Rf4 Nfe4 37.Kg2 Re3 38.Rg4 Nf6 1/2-1/2

[Event "14th EUR-ch"]
[Site "Minsk BLR"]
[Date "2017.06.01"]
[Round "3.16"]
[White "Kuzubov, Yuriy"]
[Black "Esipenko, Andrey"]
[Result "1-0"]
[WhiteElo "2637"]
[BlackElo "2509"]
[EventDate "2017.05.30"]
[PlyCount "173"]

1.g3 d5 2.Nf3 Bg4 3.Bg2 c6 4.c4 Nd7 5.cxd5 cxd5 6.h3 Bxf3 7.Bxf3 e6 8.O-O 
Ngf6 9.d3 Bc5 10.Nc3 O-O 11.a3 Rc8 12.Bg2 a6 13.Bd2 h6 14.Qb3 b5 15.Rac1 
Qb6 16.Qa2 Rfd8 17.Qb1 Qb8 18.Na2 Bb6 19.e3 Nc5 20.Bc3 Ne8 21.b3 Nd7 22.
Bd2 Nef6 23.Rxc8 Rxc8 24.Rc1 Bc5 25.Nb4 Qb7 26.d4 Bd6 27.Rxc8+ Qxc8 28.Qc2
Qa8 29.Bf1 h5 30.Be1 Ne4 31.Kg2 h4 32.g4 e5 33.Nc6 Qe8 34.a4 bxa4 35.bxa4 
exd4 36.Nxd4 Ndc5 37.Nf5 Bf8 38.Nxh4 Nxa4 39.Bxa6 Nac5 40.Be2 g6 41.Nf3 
Bg7 42.Qd1 Qd7 43.Qb1 Qa7 44.Qb5 Qa2 45.Kf1 Ne6 46.Qe8+ Bf8 47.Ne5 Nd6 48.
Qd7 Nc5 49.Qc6 Nce4 50.Qa6 Qb1 51.Qd3 Qb7 52.f3 Nc5 53.Qc2 Ne6 54.Bg3 Qb4 
55.Qd3 Qb7 56.Nxg6 Nc5 57.Qc2 Nde4 58.fxe4 Nxe4 59.Bf3 fxg6 60.Kg2 Bg7 61.
Bf4 Kh7 62.h4 Qe7 63.Bxe4 dxe4 64.Kg3 Qb4 65.Kh3 Bc3 66.Qa2 Qb7 67.Kg2 Bg7
68.Kg3 Qb4 69.Kh3 Qb5 70.Qg2 Qd5 71.Qh1 Kg8 72.Kg3 Kh7 73.g5 Be5 74.Qf1 
Bc3 75.Qe2 Qd3 76.Kf2 Qd7 77.h5 Qh3 78.hxg6+ Kg7 79.Qd1 Qe6 80.Qh5 Qxg6 
81.Qg4 Qf7 82.Kg3 Qd5 83.Qc8 Qd3 84.Qb7+ Kg8 85.Kg4 Bg7 86.Qc8+ Kh7 87.g6+
1-0